| 000 | 00396pab a2200157 454500 | ||
|---|---|---|---|
| 008 | 180718b2015 xxu||||| |||| 00| 0 eng d | ||
| 100 | _aSaurabh, Kumar | ||
| 245 | _aRural society and rural economy in the Ganga valley | ||
| 260 | _c2015 | ||
| 300 | _ap.29-46. | ||
| 362 | _aMay-Jun | ||
| 650 | _aRural economy | ||
| 650 | _aRural sociology | ||
| 773 | _aSocial Scientist | ||
| 909 | _a108800 | ||
| 999 |
_c108795 _d108795 |
||